Normal view
MARC view
- Sagar,Mahim/Deepali Singh/D.P.Agrawal/Achintya Gupta
Entry Personal Name
001 - CONTROL NUMBER
- control field: 1256
003 - CONTROL NUMBER IDENTIFIER
- control field: JO-AjAnu
005 - DATE AND TIME OF LATEST TRANSACTION
- control field: 20230606070517.0
008 - FIXED-LENGTH DATA ELEMENTS
- fixed length control field: 230606|| aca||aabn | a|a d
040 ## - CATALOGING SOURCE
- Original cataloging agency: JO-AjAnu
- Transcribing agency: JO-AjAnu
100 ## - HEADING--PERSONAL NAME
- Personal name: Sagar,Mahim/Deepali Singh/D.P.Agrawal/Achintya Gupta
670 ## - SOURCE DATA FOUND
- Source citation: Work cat.: (JO-AjAnu)662: Sagar,Mahim/Deepali Singh/D.P.Agrawal/Achintya Gupta, author, Brand Management